Riconosci il Pokémon - Quiz n°298 - Statistics

Statistiche generali
  • Questo quiz è stato fatto 3 volte
  • Il punteggio medio è 6 su 10
Statistiche sulle risposte
Indizio Risposta % Corretto
Altezza 1,0 m
100%
Tipo Normale
100%
Generazione Quarta
100%
Peso 43,8 kg
67%
Abilità Grassospesso; Mentelocale; Agonismo
67%
Stadio evoluzione Prima evoluzione
67%
Sesso 25% ♂, 75% ♀
33%
Tasso di cattura 75 (17.5%)
33%
Pokémon Purugly
33%
Tasso di allevamento Veloce
33%
Nessun quiz corrispondente trovato
Distribuzione punteggi
Percentuale di utenti per punteggio
Percentile per numero di risposta
I tuoi punteggi nel tempo
Non hai fatto questo quiz